00307pab a2200121 454500008004000000100002000040245004900060260000900109300001300118362001000131650001000141773003400151180718b2014 xxu||||| |||| 00| 0 eng d aViswanathan, R. aRBI report on financial inclusion : A review c2014 ap.16-19. a1 Mar aBanks aEconomic and Political Weekly